000 00395nam a22001697a 4500
005 20180221160203.0
008 160615b xxu||||| |||| 00| 0 eng d
020 _a978-81-8488-441-8
041 _aeng
082 _b7707
_a174.4
100 _aRaj, Ritu Parna
_91964
245 _aA study in business ethics
260 _bHPH
_c2009
300 _a166
650 _aManagement
_9241
942 _cBK
999 _c2753
_d2752